Root resorption and orthodontic treatment: A case series. (notice n° 1720438)

détails MARC
000 -LEADER
fixed length control field 01617cam a2200205 4500500
005 - DATE AND TIME OF LATEST TRANSACTION
control field 20260322002109.0
041 ## - LANGUAGE CODE
Language code of text/sound track or separate title fre
042 ## - AUTHENTICATION CODE
Authentication code dc
100 10 - MAIN ENTRY--PERSONAL NAME
Personal name Delsol, Laurent
Relator term author
245 00 - TITLE STATEMENT
Title Root resorption and orthodontic treatment: A case series.
260 ## - PUBLICATION, DISTRIBUTION, ETC.
Date of publication, distribution, etc. 2026.<br/>
500 ## - GENERAL NOTE
General note 40
520 ## - SUMMARY, ETC.
Summary, etc. Objective: This clinically oriented article aims to describe specific situations of root resorption, whether suspected or confirmed, and to provide a focused analysis. Materials and Method: Eight clinical cases are presented in different contexts: presence of presumptive signs of root resorption, pre-existing resorption prior to treatment, and resorption occurring during treatment, among others. Discussion: The integration of these resorptions when developing the treatment plan and the medico-legal aspect associated with this issue must be taken into consideration. Although this article does not seek to introduce new data on a topic that has already been widely studied, it offers a distinctive clinical perspective through specific comments and considerations illustrated by well-defined clinical cases. Conclusion: These insights should enable practitioners to be better prepared to manage root resorption, including its medico-legal aspects.
700 10 - ADDED ENTRY--PERSONAL NAME
Personal name Kikano, Elie
Relator term author
700 10 - ADDED ENTRY--PERSONAL NAME
Personal name Canal, Pierre
Relator term author
700 10 - ADDED ENTRY--PERSONAL NAME
Personal name Bacon, William
Relator term author
700 10 - ADDED ENTRY--PERSONAL NAME
Personal name Charavet, Carole
Relator term author
786 0# - DATA SOURCE ENTRY
Note L'Orthodontie Française | 96 | 4 | 2026-03-03 | p. 367-393 | 1966-5202
856 41 - ELECTRONIC LOCATION AND ACCESS
Uniform Resource Identifier <a href="https://stm.cairn.info/journal-lorthodontie-francaise-2025-4-page-367?lang=en&redirect-ssocas=7080">https://stm.cairn.info/journal-lorthodontie-francaise-2025-4-page-367?lang=en&redirect-ssocas=7080</a>

Pas d'exemplaire disponible.

PLUDOC

PLUDOC est la plateforme unique et centralisée de gestion des bibliothèques physiques et numériques de Guinée administré par le CEDUST. Elle est la plus grande base de données de ressources documentaires pour les Étudiants, Enseignants chercheurs et Chercheurs de Guinée.

Adresse

627 919 101/664 919 101

25 boulevard du commerce
Kaloum, Conakry, Guinée

Réseaux sociaux

Powered by Netsen Group @ 2025